000 01314cam a22003737a 4500
003 CHAP
005 20220817043219.0
008 971013s1987 r 00010 d
010 _a68726
011 _a69698
035 _a79175
040 _cCHAP
082 _a333.09723
_bL5y
100 0 0 _aLindley, Richard B.
_966948
245 1 4 _aLas haciendas y el desarrollo económico
_b: Guadalajara, México, en la época de la Independencia
260 _aMéxico :
_bFondo de Cultura Económica,
_c1987
300 _a176 p.
490 0 _aSección de obras de historia
500 _a31-119
590 _aBATCH-UPD
_b10
_c20130110
_lUCH01
_h0030
590 _aBATCH-UPD
_b10
_c20130110
_lUCH01
_h0600
590 _aBATCH-UPD
_b10
_c20130409
_lUCH01
_h2012
590 _aBATCH-UPD
_b10
_c20130410
_lUCH01
_h0510
590 _aBATCH-UPD
_b10
_c20130914
_lUCH01
_h1559
590 _aCONVERSION
_b10
_c20130109
_lUCH01
_h1338
650 1 4 _aHaciendas
_xJalisco.
_952162
650 1 4 _aJalisco
_xCondiciones económicas.
_960958
650 1 4 _aMéxico
_xHistoria.
830 0 _aSección de obras de historia
_9103507
901 _aBK
942 _cLIBRO
949 _a333.09723 L5y
_bBC
_cLIBRO
_d33724000327789
_eLIBRO
_fc.2
_h75604
_i79175
_si
_t13.00
949 _a333.09723 L5y
_bBC
_cLIBRO
_d33724000327797
_eLIBRO
_h75603
_i79175
_si
_t13.00
999 _c68726
_d68726